000 00209nam a2200097Ia 4500
008 170619s9999 xx 000 0 und d
100 _aGupta- S.L
245 0 _aPhysics Vol.2
260 _bSHUBHAM PUB
260 _c2016
546 _aENGLISH
999 _c21712
_d21712